Quizzes
Events
Quiz Creation
Community
Videos
Private Events
Remove Ads
Sign In
Join for FREE
Feedback
Dark Mode
Quiz Categories
Sports
Geography
Music
Movies
Television
Just For Fun
Miscellaneous
History
Literature
Language
Science
Gaming
Entertainment
Religion
Holiday
For Kids
Quiz Lab
Recent
Popular Today
Quiz Kudos Today
Editor Picks
Curator Picks
Quizzes by...
Day
Popularity
Type
Ratings
Length
Year
Community
Subscriptions
Recent Discussions
Orange Saloon
Badges
Playlists
Quests
Create
Leaderboards
Showdown
Live 5
Trivia Bingo
Activity
Puzzle Library
Sporcle Events
Private Events
Virtual Trivia
Globe League
Become a Host
Pub Owners
SporcleCon
Opinionation
Our Games
Videos
Blog
Mobile Apps
Partnerships
Remove Ads and Go Orange
Feedback
Geography
Country
Landmarks
City
State
Population
World
Capital
Continent
Flags
Europe
Africa
Asia
South America
North America
Oceania
Border
Canada
United Kingdom
Topography
United States
Geography
Country
Landmarks
City
State
Population
World
Capital
Continent
Flags
Europe
Africa
Asia
South America
North America
Oceania
Border
Canada
United Kingdom
Topography
United States
Random Quiz
Search Sporcle
×
Quiz Lab
Quiz Lab
Geography
Europe
Type in answers that appear in a list
Type in answers that appear in a list
Classic
Best Score? Go Orange.
Flags of Europe-Inverted(Photos) Stats
Can you name the inverted flags of Europe?
By
golden_Spike
5m
48 Questions
148 Plays
148 Plays
148 Plays
Comments
Comments
Give Quiz Kudos
Give Quiz Kudos
-
- Ratings
hide this ad
More Info
Forced Order
Answers have to be entered in order
Answers have to be entered in order
Replay
Link that replays current quiz
Next Quiz
Link to next quiz in quiz playlist
You Got
0%
They Got
Avg Score
38%
Avg Friend Score
Upgrade to see
Score Distribution
Jump to the score distribution portion of the page
Score
0/48
Timer
05:00
0
Plays Today
#Number
Country
% Correct
3.)
United Kingdom
96.6%
2.)
Spain
89%
4.)
European Union
80.1%
1.)
Slovenia
79.5%
6.)
Italy
54.8%
11.)
Albania
54.1%
13.)
Austria
52.7%
15.)
Bosnia and Herzegovina
52.7%
10.)
Poland
51.4%
23.)
Croatia
51.4%
18.)
Belarus
50.7%
21.)
Portugal
50%
24.)
Czech Republic
50%
16.)
Malta
49.3%
20.)
Iceland
47.9%
17.)
Moldova
45.9%
26.)
Montenegro
44.5%
12.)
Andorra
43.8%
25.)
Vatican City
39.7%
31.)
Sweden
39.7%
34.)
Macedonia
39%
37.)
Greece
37%
36.)
Turkey
36.3%
32.)
Monaco
34.9%
#Number
Country
% Correct
33.)
Latvia
34.9%
35.)
Norway
34.9%
5.)
Estonia
34.2%
19.)
Ireland
32.2%
48.)
Switzerland
32.2%
27.)
Netherlands
31.5%
14.)
Azerbaijan
30.8%
9.)
Belgium
29.5%
22.)
Bulgaria
28.1%
8.)
Lithuania
26.7%
41.)
Denmark
26%
28.)
Russia
25.3%
30.)
San Marino
24%
47.)
Slovakia
24%
43.)
Finland
23.3%
29.)
Romania
21.9%
45.)
Serbia
21.2%
38.)
Hungary
17.8%
39.)
Kazakhstan
17.8%
42.)
France
17.8%
46.)
Ukraine
16.4%
44.)
Germany
14.4%
40.)
Luxembourg
13.7%
7.)
Liechtenstien
11.6%
Quiz Playlist
Details
Report
Send in Message
Add To Playlist
More Info:
**Includes one organization. Numbered starting at the top, going left to right.
Classic:
Type in answers that appear in a list
Forced Order:
Answers have to be entered in order
Quiz Source
Last Updated: Feb 16, 2017
Quiz Scoreboard
CHALLENGE
Sign Up to Join the Scoreboard
Show All
Scores
Hide
Comments
May contain spoilers
Recently Published
Presidents Visiting Landmarks
by Hejman
History
7m
An Introduction to Baseball
by treessimontrees
Sports
5m
Movies - When Are They Set?
by FPL_Elf
Movies
5m
More to Explore
Quiz From the Vault
Featured Blog Post
Where Did the Easter Bunny Come From?
hide this ad
You Might Also Like...
Tags
Country Quiz
Europe Quiz
Inverted
Today's Top Quizzes in Geography
Browse Geography
hide this ad
Today's Top Quizzes in Europe
Browse Europe
Top Contributed Quizzes in Geography
1
Countries of the World - No Outlines Minefield
2
Top 25 Cities of France on a map
3
Any capital of a 'B' country per Continent
4
Closest Countries to UK A-Z
5
Any capital of a 'C' country per Continent
6
One Thing in Common: United Kingdom
7
Any capital of a 'D' country per Continent
8
Find the Provinces of Canada - No Outlines Minefield
9
5-to-1: US Geography No Hints
10
Any capital of an 'E' country per Continent
Explore More
Trending Topics
Anime
Marvel
Crossword
Disney
NBA
Kpop
Harry Potter
NFL
The Office
Soccer
Puzzle
Pokémon
Song
WWE
Country
hide this ad
More By:
golden_Spike
Quiz
Plays
Rating
Category
Featured
Created
General Knowledge: Jeopardy Style II
170,222
4.22
Miscellaneous
Jul 25, 2012
'G'eography
103,479
4.41
Geography
Jul 26, 2012
Greek, Norse, or Roman(Clickable Minefield)
97,823
3.51
Religion
Jul 18, 2012
Follow that Thesaurus: Synonyms
3,449
4.20
Language
Jun 18, 2014
Missing Word: Motown
938
4.86
Music
Jun 30, 2014
Go to Creator's Profile
Score Distribution
Quiz Creator Spotlight
golden_Spike
Follow
Send a Message
Quizzes Created
-
Created Quiz Play Count
-
More By This Creator
Popular Quizzes Today
1
Find the US States - No Outlines Minefield
2
Find the Countries of Europe - No Outlines Minefield
3
The Countries of the World
4
Find the US States
5
Popular People in 1961
6
US States
7
Risky Map Clicking: Biggest States A-Z
8
Movies - When Are They Set?
More Geography Quizzes
US States by College with the Lowest Acceptance Rate
Curator's Pick
Trending Quizzes
Risky Map Clicking: Least Populous States A-Z
1-10 Letter G Words
1-10 Letter F Words
Risky Map Clicking: Next State Alphabetically
Risky Map Clicking: Biggest States A-Z
Recently Updated
Leaping Animals
pecheneg
Reality TV Shows (A-Z)
bhenderson79
Rickey Henderson's Hall of Fame Teammates
pecheneg
Champions League XIs: Arsenal
pecheneg
Quick Pick: Celebrities in WWE's Hall of Fame
aduchscher
A-Z Keypad Blitz II
pecheneg
Multiple Oscar Actors
pecheneg
Mystery Phrase Blitz: Oscar 'Best Actors'
pecheneg
F. Scott Fitzgerald Novels
LTH
Pick 3 Villains
ddd62291
Trending Topics
Harry Potter
Anime
Marvel
Disney
Kpop
Crossword
NBA
Song
NFL
Pokémon
Country
WWE
Soccer
The Office
Puzzle
Your Account Isn't Verified!
In order to create a playlist on Sporcle, you need to verify the email address you used during registration. Go to your
Sporcle Settings
to finish the process.
Report this User
Report this user for behavior that violates our
Community Guidelines
.
Details:
Send Report
Go to the Sporcle.com Mobile Site →
Comments